000 00359nam a2200157Ia 4500
003 Ost
005 20260225132546.0
008 260225s9999||||xx |||||||||||||| ||und||
040 _cfsic
041 _afre
082 _a440
100 _aJohn Tosh
_eAuteur
245 0 _aClan leaders and colonial chiefs in langs /
245 0 _cJohn Tosh
942 _cكتاب
999 _c33836
_d33836